| 000 | 00418nam a22001577a 4500 | ||
|---|---|---|---|
| 999 |
_c160060 _d160060 |
||
| 005 | 20190114132646.0 | ||
| 010 | _aB-160692 | ||
| 020 |
_a8126020628 _c150.00 |
||
| 035 | _aB-160692 | ||
| 037 | _bSahitya Akademi | ||
| 082 | _aS | ||
| 245 |
_aContemporary Maithili Short Stories / _cMurari Madhusudan Thakur |
||
| 260 |
_aNew Delhi _bSahitya Akademi _c2005 |
||
| 300 |
_a342p. _c21cm(pbk) |
||
| 942 |
_2ddc _cEN _hS _mCON |
||